LEADER 01558nam a2200289 4500 001 000000355857 003 CaOOAMICUS 005 20250707152938.0 008 231020s2023 it a 000 u ita r 020 $a978-88-935972-7-2 040 $aSeMil$bita 100 1 $aBöninger, Lorenz.$0(OLS)http://semarc/name/118549 245 13$aIl mercato del libro nella Firenze del Rinascimento :$bla bottega del cartolaio Benedetto di Giovanni e la lite per l'eredità di Peter Ugelheimer : studi e documenti /$cLorenz Böninger. 264 1$aRoma :$bEdizioni di Storia e Letteratura,$c2023. 300 $aVIII, 231 p. :$bill. ;$c24 cm 490 1 $aLibri, carte, immagini ;$v17 600 14$aUgelheimer, Peter .$0(OLS)http://semarc/subject/58098 650 4$aFirenze - Cultura - Rinascimento.$0(OLS)http://semarc/subject/54678 650 4$aLibro - Storia.$0(OLS)http://semarc/subject/48609 830 0$aLibri, carte, immagini ;$v17.$0(OLS)http://semarc/title/446076 850 $aSeMil 852 $aSeMil$W1$xVenegono$y1$m3Y III 79$j259230$B247066$CSeMilBibl$Z2$F247066 $81 961 $aTedesco Alessandro - Omaggio 996 $6020$a978-88-935972-7-2$9(OLS)http://semarc/number/299153 996 $6245$aIl mercato del libro nella Firenze del Rinascimento :$bla bottega del cartolaio Benedetto di Giovanni e la lite per l'eredità di Peter Ugelheimer : studi e documenti$9(OLS)http://semarc/title/446075 996 $6264$aRoma :$bEdizioni di Storia e Letteratura$9(OLS)http://semarc/publisher/29779 LEADER 00972nam a2200193 4500 001 000000339165 003 CaOOAMICUS 005 20200203101207.0 008 200203s1836 it a 000 u ita r 040 $aSeMil$bita 245 00$a7: CLA-COR. 264 1$aFirenze :$bPer V. Batelli e figli,$c1836. 300 $a646 p., [2] c. di tav. ripieg. :$bill. :$c24 cm 773 0 $tDizionario delle scienze naturali nel quale si tratta metodicamente dei differenti esseri della natura, ... accompagnato da una biografia de' più celebri naturalisti, opera utile ai medici, agli agricoltori, ai mercanti, agli artisti, ai manifattori, ....$dFirenze : Per V. Batelli e figli, 1830-1851.$g7$w()339157 850 $aSeMil 852 $aSeMil$W1$xVenegono$y1$m3XB II 7 FA$j218346$B230285$CSeMilBibl$Z2$F230285 $8I 996 $6245$a7: CLA-COR$9(OLS)http://semarc/title/427964 996 $6264$aFirenze :$bPer V. Batelli e figli$9(OLS)http://semarc/publisher/58818